| 000 | 01420cam a2200349 a 4500 | ||
|---|---|---|---|
| 001 | 15326776 | ||
| 005 | 20170105102908.0 | ||
| 008 | 080612s2009 nyuabf b 001 0 eng | ||
| 010 | _a 2008026238 | ||
| 020 | _a9781596914599 (alk. paper) | ||
| 020 | _a1596914599 (alk. paper) | ||
| 035 | _a(OCoLC)ocn229029067 | ||
| 035 | _a(OCoLC)229029067 | ||
| 040 |
_aDLC _cDLC _dBTCTA _dBAKER _dYDXCP _dC#P _dDLC |
||
| 043 |
_axd----- _ama----- |
||
| 050 | 0 | 0 |
_aCB251 _b.L96 2009 |
| 082 | 0 | 0 |
_a909.09821 _222 _bLYO 2009 |
| 100 | 1 | _aLyons, Jonathan. | |
| 245 | 1 | 4 |
_aThe house of wisdom : _bhow the Arabs transformed Western civilization / _cJonathan Lyons. |
| 250 | _a1st U.S. ed. | ||
| 260 |
_aNew York : _bBloomsbury Press, _c2009. |
||
| 300 |
_axvii, 248 p., [8] p. of plates : _bill. (chiefly col.), col. maps ; _c25 cm. |
||
| 500 | _aCol. maps on endpapers. | ||
| 504 | _aIncludes bibliographical references (p. [229]-235) and index. | ||
| 650 | 0 |
_aCivilization, Western _xArab influences. |
|
| 650 | 0 |
_aLearning and scholarship _zArab countries _xHistory _yMedieval, 500-1500. |
|
| 650 | 0 | _aEast and West. | |
| 856 | 4 | 1 |
_3Table of contents only _uhttp://www.loc.gov/catdir/toc/ecip0821/2008026238.html |
| 906 |
_a7 _bcbc _corignew _d1 _eecip _f20 _gy-gencatlg |
||
| 942 |
_2ddc _cBK |
||
| 999 |
_c15000 _d15000 |
||